000 00290nam a22001337a 4500
008 181008b xxu||||| |||| 00| 0 eng d
020 _a9780070621701
041 _aeng
080 _a616
100 _a9
101 _aPAT
245 _aPulmonary Pathophysiology
_cAli,J
942 _2udc
_cBK
999 _c49042
_d49042